Statystyki dla Największe pustynie świata

Kliknij tutaj aby rozwiązać quiz!

Ogólne statystyki

  • Ten quiz został rozwiązany 19 razy
  • Średni wynik to 2 z 15

Odpowiedzi na mapie

Odpowiedzi skodowane kolorowo w zielono-czerwonej skali na mapie do tego quizu, zgodnie z poniższymi procentami.
 

Statystyki odpowiedzi

Odpowiedź% Poprawnych
Arabska
25%
Atacama
19%
Mohave
19%
Namib
19%
Sahara
19%
Thar
19%
Kyzał - Kum
13%
Takla - Makan
13%
Gibsona
6%
Gobi
6%
Kalahari
6%
Kara - Kum
0%
Wielka Pustynia Piaszczysta
0%
Wielka Pustynia Słona
0%
Wielka Pustynia Wiktorii
0%

Rozkład punktacji

Percentyl według liczby udzielonych odpowiedzi

Procent ludzi z każdym wynikiem

Twoja historia wyników

Nie rozwiązałeś tego quizu